Význam distribučného manažmentu pri uplatňovaní efektívnej distribučnej politiky

Podstata distribučného manažmentu. Vybrané úlohy distribučného manažmentu: situačná analýza, určenie distribučných cieľov a vytýčenie distribučných stratégií, organizácia distribučného systému - distribučný dizajn. Distribučný kanál. Manažment distribučných kanálov ako predpoklad účinného plánovania...

Descrizione completa

Salvato in:
Dettagli Bibliografici
Autore principale: Daňo, Ferdinand, 1959-
Natura: Capitolo di libro
Lingua:slovacco
Soggetti:
Tags: Aggiungi Tag
Nessun Tag, puoi essere il primo ad aggiungerne!!

MARC

LEADER 00000naa a2200000 4500
001 r023628
005 20240502071328.3
041 0 |a slo 
044 |a SK 
245 1 0 |a Význam distribučného manažmentu pri uplatňovaní efektívnej distribučnej politiky  |c Ferdinand Daňo 
520 |a Podstata distribučného manažmentu. Vybrané úlohy distribučného manažmentu: situačná analýza, určenie distribučných cieľov a vytýčenie distribučných stratégií, organizácia distribučného systému - distribučný dizajn. Distribučný kanál. Manažment distribučných kanálov ako predpoklad účinného plánovania, koordinácie a kontroly distribučných aktivít. 
610 2 0 |a distribúcia 
610 2 0 |a manažment 
610 2 0 |a kanály distribučné 
100 1 |a Daňo, Ferdinand, 1959-